000 00643nam a2200193Ia 4500
008 151119s9999||||xx |||||||||||||| ||und||
082 _a28.5
082 _bGKKV9186
100 _aपाटील वसुधा
245 _aरघुपती आणि इतर गोष्टी भाग १
260 _a--
260 _b--
260 _c0
600 _aपाटील वसुधा
630 _aरघुपती आणि इतर गोष्टी भाग १
700 _aपाटील वसुधा
730 _aरघुपती आणि इतर गोष्टी भाग १
942 _cBOOK
999 _c1063519
_d1063516